000 00667nam a2200229 a 4500
001 BRCA_8012
005 20190320210109.0
008 190314s1965----it-a###f##---#001-0#ita-#
041 _aita
044 _ait
050 4 _aNK7152
_b.M33
_c1965
100 1 _aMariacher, Giovanni
_913302
245 1 0 _aArgenti Italiani
_cGiovanni Mariacher.
260 _aMilano
_bGörlich
_c1965
300 _a1 v. (paginación variada)
_bil.
_c34 cm.
500 _a3144
500 _aEn portada : caffettiera (alt. cm. 33) ; arte romana sec. XVIII, artefice Paolo Spagna
504 _aBibliografía p. 31
650 1 4 _aPlateria italiana
_919901
902 _aGFM
942 _2lcc
_cB
999 _c7681
_d7681